000 01005nam a2200253 i 4500
001 32321
003 ES-MaACL
005 20230906154543.0
007 t|
008 030131s1975 sp d 00110 spa d
020 _a84-85198-10-7
080 _a69(038)
080 _a802.0-316.4:69=60
245 0 0 _aDiccionario de la construcción y obras públicas :
_bespañol-inglés, inglés-español = Construction and civil engineering dictionary : English-Spanish and Spanish-English /
_crecopilado por José de Benito y Bacho y Manuel Bellisco Hernández.
250 _a1ª ed.
260 _aMadrid :
_bLibrería Técnica Bellisco,
_c1975.
300 _a158, 110 p. ;
_c20 cm.
650 4 _aConstrucción-
_vDiccionarios.
_9156035
650 4 _aLengua española-
_vDiccionarios-
_xInglés.
_914142
650 4 _aLengua inglesa-
_vDiccionarios-
_xEspañol.
_914270
700 1 _aBenito y Bacho, José de.
_927694
700 1 _aBellisco Hernández, Manuel.
_927228
852 4 _aES-MaACL
_jL-1024
_z- Enc. cart.
999 _c32321
_d32321